Loading...
The Sexual Attitude Amoung Native and Migrated College Students
| Hovedforfatter: | |
|---|---|
| Institution som forfatter: | |
| Andre forfattere: | |
| Format: | Ph.D Thesis |
| Udgivet: |
Kottayam
SBES ,MGU
2013
|
| LEADER | 00431nam a22001217a 4500 | ||
|---|---|---|---|
| 999 | |c 93585 |d 93585 | ||
| 100 | |a Soumya Thankam Philip |9 44092 | ||
| 245 | |a The Sexual Attitude Amoung Native and Migrated College Students | ||
| 260 | |a Kottayam |b SBES ,MGU |c 2013 | ||
| 700 | |a Dr Rajeev Kumar |9 43840 | ||
| 710 | |a M.G.U |b SBES |f 2013 |k Theses |9 43796 | ||
| 942 | |c THES | ||
| 952 | |0 0 |1 0 |4 0 |7 0 |9 86079 |a SBES |b SBES |d 2016-10-24 |l 0 |p P051 |r 2016-10-24 |w 2016-10-24 |y THES | ||